地域自治区 - Statistics

General Stats
  • This quiz has been taken 32 times
  • The average score is 24 of 140
Answer Stats
市町村 合併日 地域自治区 % Correct
せたな町 瀬棚区
81%
南相馬市 2006年1月1日 原町区
81%
むかわ町 2006年3月27日 鵡川地域自治区
70%
宮古市 2005年6月6日 宮古地域自治区
63%
上越市 2005年1月1日 高田区
63%
上越市 直江津区
63%
石狩市 浜益区
59%
大仙市 2005年3月22日 大曲地域自治区
59%
石狩市 2005年10月1日 厚田区
56%
宮崎市 北地域自治区
56%
むかわ町 穂別地域自治区
52%
多可町 2005年11月1日 中区
52%
せたな町 2005年9月1日 大成区
48%
伊達市 2006年3月1日 大滝区
44%
せたな町 北檜山区
44%
宮古市 田老地域自治区
44%
南相馬市 小高区
44%
南会津町 2006年3月20日 田島地域自治区
44%
奄美市 2005年3月20日 名瀬
44%
南相馬市 鹿島区
41%
豊田市 足助地域自治区
41%
大仙市 仙北地域自治区
37%
大仙市 中仙地域自治区
33%
大仙市 協和地域自治区
33%
大仙市 太田地域自治区
33%
上越市 春日区
33%
上越市 頸城区
33%
伊那市 2006年3月31日 伊那地域自治区
33%
宮崎市 佐土原地域自治区
33%
宮古市 2010年1月1日 川井地域自治区
30%
上越市 浦川原区
30%
上越市 名立区
30%
新城市 2005年10月1日 新城地域自治区
30%
宮崎市 2010年3月23日 清武地域自治区
30%
花巻市 花巻市石鳥谷地域自治区
26%
上越市 大島区
26%
上越市 牧区
26%
宮古市 新里地域自治区
22%
花巻市 花巻市東和地域自治区
22%
大仙市 西仙北地域自治区
22%
南会津町 南郷地域自治区
22%
上越市 中郷区
22%
伊那市 高遠町地域自治区
22%
豊田市 2005年4月1日 挙母地域自治区
22%
香美町 村岡区
22%
花巻市 2006年1月1日 花巻市大迫地域自治区
19%
南会津町 伊南地域自治区
19%
飯田市 上村地域自治区
19%
宮崎市 | 豊田市 高岡地域自治区
19%
豊田市 猿投地域自治区
19%
奄美市 住用町
19%
奄美市 笠利町
19%
南会津町 舘岩地域自治区
15%
上越市 安塚区
15%
上越市 柿崎区
15%
上越市 大潟区
15%
上越市 吉川区
15%
上越市 清里区
15%
上越市 三和区
15%
飯田市 鼎地域自治区
15%
豊田市 稲武地域自治区
15%
香美町 2005年4月1日 香住区
15%
大仙市 神岡地域自治区
11%
大仙市 南外地域自治区
11%
上越市 板倉区
11%
飯田市 南信濃地域自治区
11%
伊那市 長谷地域自治区
11%
豊田市 小原地域自治区
11%
豊田市 下山地域自治区
11%
新城市 作手地域自治区
11%
多可町 加美区
11%
多可町 八千代区
11%
宮崎市 青島地域自治区
11%
宮崎市 田野地域自治区
11%
上越市 八千浦区
7%
豊田市 | 飯田市 上郷地域自治区
7%
豊田市 松平地域自治区
7%
豊田市 藤岡地域自治区
7%
宮崎市 住吉地域自治区
7%
上越市 金谷区
4%
上越市 諏訪区
4%
上越市 三郷区
4%
上越市 保倉区
4%
飯田市 座光寺地域自治区
4%
飯田市 千代地域自治区
4%
豊田市 旭地域自治区
4%
新城市 東郷地域自治区
4%
香美町 小代区
4%
宮崎市 大宮地域自治区
4%
宮崎市 東大宮地域自治区
4%
宮崎市 大淀地域自治区
4%
宮崎市 檍地域自治区
4%
宮崎市 生目台地域自治区
4%
宮崎市 小松台地域自治区
4%
宮崎市 赤江地域自治区
4%
宮崎市 本郷地域自治区
4%
宮崎市 木花地域自治区
4%
宮崎市 生目地域自治区
4%
上越市 新道区
0%
上越市 津有区
0%
上越市 和田区
0%
上越市 高士区
0%
上越市 有田区
0%
上越市 北諏訪区
0%
上越市 谷浜・桑取区
0%
飯田市 2005年10月1日 橋北地域自治区
0%
飯田市 橋南地域自治区
0%
飯田市 羽場地域自治区
0%
飯田市 丸山地域自治区
0%
飯田市 東野地域自治区
0%
飯田市 松尾地域自治区
0%
飯田市 下久堅地域自治区
0%
飯田市 上久堅地域自治区
0%
飯田市 龍江地域自治区
0%
飯田市 竜丘地域自治区
0%
飯田市 川路地域自治区
0%
飯田市 三穂地域自治区
0%
飯田市 山本地域自治区
0%
飯田市 伊賀良地域自治区
0%
伊那市 富県地域自治区
0%
伊那市 美篶地域自治区
0%
伊那市 手良地域自治区
0%
伊那市 東春近地域自治区
0%
伊那市 西箕輪地域自治区
0%
伊那市 西春近地域自治区
0%
豊田市 高橋地域自治区
0%
新城市 千郷地域自治区
0%
新城市 舟着地域自治区
0%
新城市 八名地域自治区
0%
新城市 鳳来中部地域自治区
0%
新城市 鳳来南部地域自治区
0%
新城市 鳳来北西部地域自治区
0%
新城市 鳳来東部地域自治区
0%
宮崎市 2006年1月1日 中央東地域自治区
0%
宮崎市 中央西地域自治区
0%
宮崎市 小戸地域自治区
0%
宮崎市 大塚地域自治区
0%
宮崎市 大塚台地域自治区
0%
No matching quizzes found
Score Distribution
Percent of People with Each Score
Percentile by Number Answered
Your Score History
You have not taken this quiz